000 00567nam a22001577a 4500
008 230606b |||||||| |||| 00| 0 eng d
020 _a92-4154137-7
040 _aNational Science Library
_cNational Science Library
080 _aR 616.89-008
_bL8
245 _aMental disorders:
_bGlossary and guide to their classification in accordance with ninth revision of the international classification of disease
260 _aGeneva:
_bWold Health Organization,
_c1978
300 _a95p.
650 _aMental disorder
653 _aNeurotic disorder
942 _2udc
_cBK
999 _c39729
_d39729